000
00333nam a2200133Ia 4500
005
20251222140027.0
008
251222s1900||||xx |||||||||||||| ||spa||
020
_a
84-344-8736-5
082
_a
111.85/V27
100
_a
Valverde, José María
245
0
_a
Breve Historia y Antología de la Estética
264
_b
Ariel
942
_c
LIB
999
_c
2829
_d
2829